Statistics for Character to Author #2

Click here to take the quiz!

General Stats

  • This quiz has been taken 13,815 times
  • The average score is 11 of 20

Answer Stats

CharacterAuthor% Correct
Oliver TwistCharles Dickens
93%
Dr. FrankensteinMary Shelley
77%
MercutioWilliam Shakespeare
76%
Anna KareninaLeo Tolstoy
74%
The GrinchDr. Seuss
71%
James BondIan Fleming
70%
Hercule PoirotAgatha Christie
67%
AslanC.S. Lewis
65%
MowgliRudyard Kipling
64%
Elizabeth BennetJane Austen
62%
Dorian GrayOscar Wilde
55%
Long John SilverRobert Louis Stevenson
49%
Holden CaulfieldJ.D. Salinger
48%
Uncle TomHarriet Beecher Stowe
46%
The Ugly DucklingHans Christian Andersen
46%
Bella SwanStephenie Meyer
45%
Carrie WhiteStephen King
45%
Katniss EverdeenSuzanne Collins
34%
Arthur DentDouglas Adams
28%
Nancy DrewCarolyn Keene
14%

Score Distribution

Percentile by Number Answered

Percent of People with Each Score

Your Score History

You have not taken this quiz